01079ntaaa2200253 45000030003000000050017000030080021000200200015000410400037000560820016000931000026001091110078001352450074002132600034002873000027003215000059003485050073004075050092004805050084005725050050006565050092007066500014007986500013008120120251027203321.00714s1973 ag 01  a950551137X aAR-BaBNbspacAR-BaBNeaacrdRIC a922.742 G58 aGonzález, Justo L.  aCátedra Carnahan n2003 cInstituto Universitario ISEDET, Buenos Aires aJuan Wesley : bdesafíos para nuestro siglo / cJusto L. González aBuenos Aires : bFAIE, c2004 a138 p. ; c22 x 15 cm aCátedra Carnahan 2003 Instituto Universitario ISEDET tLa teología práctica de Juan Wesley, o: una teología a caballo tWesley ante la política y la economía, o: ¿Por qué están tan caros los huevos? tEl Espíritu Santo en la vida de Wesley, o: Pentencostés, si; entusiasmo, no tLa tarea pastoral en la tradición wesleyana tDos sermones de Juan Wesley: Reflexiones sobre la esclavitud y El espíritu católico aARGENTINA aHISTORIA